| 000 | 01349cam a2200217 4500 | ||
|---|---|---|---|
| 001 | ABS68072 | ||
| 008 | 040719n2004 000 0 eng u | ||
| 035 | _a(Sirsi) u126834 | ||
| 100 | _aRoberts, P. | ||
| 245 | _aWealth from waste: local and regional economic development and the environment | ||
| 260 | _c2004 | ||
| 490 |
_aGeographical Journal _v170(2) June 2004, 126-134(9) |
||
| 520 | _aArgues that sustainable economic development strategies promote mutually-beneficial environmental, social and economic progress. Such strategies now form the basis for local and regional development. Various models of sustainable economic and environmental industry development have been introduced in recent years, some of which have proved to be of particular value. The theory and practice of sustainable economic development has made rapid progress and this approach to local and regional development is now generally accepted as offering the opportunity to solve a range of environmental and economic problems and to promote new economic activities that can generate jobs in socially excluded communities. References. [Taken from journal abstract]. | ||
| 590 | _aABS | ||
| 590 | _aABS | ||
| 650 | _aECONOMIC DEVELOPMENT | ||
| 650 | _aREGIONAL DEVELOPMENT | ||
| 650 | _aSUSTAINABLE ENVIRONMENT | ||
| 690 | _aWASTE MANAGEMENT | ||
| 942 | _n0 | ||
| 999 |
_c117724 _d117724 |
||